Tratamiento digital de señales
Guardat en:
| Autor principal: | |
|---|---|
| Format: | Llibre |
| Idioma: | espanyol |
| Publicat: |
Madrid
Prentice Hall
1998
|
| Matèries: | |
| Etiquetes: |
Afegir etiqueta
Sense etiquetes, Sigues el primer a etiquetar aquest registre!
|
MARC
| LEADER | 00000nam a2200000 a 4500 | ||
|---|---|---|---|
| 001 | UCO5864 | ||
| 003 | CL-VaPUC | ||
| 008 | 000915e19980000SP |||||||||||||||||spa|d | ||
| 082 | 0 | 4 | |a 621.382 |b PRO |2 21 |
| 100 | 0 | |a Proakis, John G |e author |9 450665 | |
| 245 | 1 | 0 | |a Tratamiento digital de señales |
| 300 | |a 976 p | ||
| 942 | |c BK | ||
| 945 | |d 20000915 00:00:00 |a cmena | ||
| 260 | |a Madrid |b Prentice Hall |c 1998 | ||
| 650 | 7 | |a TEORIA DE LAS SEÑALES |2 CL-VaPUC |9 260745 | |
| 650 | 0 | |a Telecomunicaciones |9 257195 | |
| 650 | 0 | |a Análisis de señal |9 434181 | |
| 650 | 0 | |a Sistemas de comunicación |9 260934 | |
| 650 | 0 | |a Sistemas lineales |9 384816 | |
| 650 | 7 | |a SEÑAL DIGITAL |2 CL-VaPUC |9 436553 | |
| 650 | 0 | |a Análisis de Fourier |9 260464 | |
| 650 | 0 | |a Algoritmos |9 260639 | |
| 583 | |a last modification |c 20000915 00:00:00 |k Rodrigo Vera | ||
| 999 | |c 291691 |d 291689 | ||
| 952 | |0 0 |1 0 |4 0 |6 621_382000000000000_PRO_1998 |7 0 |8 A |9 341807 |a BIBING |b BIBING |d 2019-11-20 |i 3652009 |o 621.382 PRO 1998 |p 3652009 |r 2025-01-20 |w 2019-11-20 |y BK |k EIE | ||
| 952 | |0 0 |1 0 |4 0 |6 621_382000000000000_PRO_1998 |7 0 |8 A |9 341808 |a BIBING |b BIBING |d 2019-11-20 |i 3652017 |o 621.382 PRO 1998 |p 3652017 |r 2025-01-20 |w 2019-11-20 |y BK |k EIE | ||
| 952 | |0 0 |1 0 |4 0 |6 621_382000000000000_PRO_1998 |7 0 |8 A |9 341809 |a BIBING |b BIBING |d 2019-11-20 |i 3652025 |o 621.382 PRO 1998 |p 3652025 |r 2025-01-20 |w 2019-11-20 |y BK |k EIE | ||
| 952 | |0 0 |1 0 |4 0 |6 621_382000000000000_PRO_1998 |7 0 |8 A |9 341810 |a BIBING |b BIBING |d 2019-11-20 |i 3771865 |o 621.382 PRO 1998 |p 3771865 |r 2025-01-20 |w 2019-11-20 |y BK |k EIE | ||
| 952 | |0 0 |1 0 |4 0 |6 621_382000000000000_PRO_1998 |7 0 |8 A |9 341811 |a BIBING |b BIBING |d 2019-11-20 |i 3771873 |o 621.382 PRO 1998 |p 3771873 |r 2025-01-20 |w 2019-11-20 |y BK |k EIE | ||
| 952 | |0 0 |1 0 |4 0 |6 621_382000000000000_PRO_1998 |7 0 |8 A |9 341812 |a BIBING |b BIBING |d 2019-11-20 |i 3771881 |o 621.382 PRO 1998 |p 3771881 |r 2025-01-20 |w 2019-11-20 |y BK |k EIE | ||
| 952 | |0 0 |1 0 |4 0 |6 621_382000000000000_PRO_1998 |7 0 |8 A |9 341813 |a BIBING |b BIBING |d 2019-11-20 |i 377189K |o 621.382 PRO 1998 |p 377189K |r 2025-01-20 |w 2019-11-20 |y BK |k EIE | ||
| 952 | |0 0 |1 0 |4 0 |6 621_382000000000000_PRO_1998 |7 0 |8 A |9 341814 |a BIBING |b BIBING |d 2019-11-20 |i 3901114 |o 621.382 PRO 1998 |p 3901114 |r 2025-01-20 |w 2019-11-20 |y BK |k EIE | ||